00710nam a2200241 a 4500001001300000003000900013005001700022008004100039020001000080082001400090100001700104245001800121260003400139300000900173500003500182650001600217700001700233902000800250942000700258952009400265952009400359999001500453nice12345678IN_TiNIC20260116011614.0070621s1862 alia grp 000 0 urd  ac10000a239bPFA2 aPfander, C G aTariqul Hayat aAligarh bNo Publisher c1862 a193p aincludes index and biblioraphy aApologetics1 aPfander, C G bSRS cBK 00104070aHMIbHMId2016-04-22g100.00l0o239 PFA2p3151r0000-00-00w2026-01-16yARB 00104070aHMIbHMId2016-04-22g100.00l0o239 PFA2p5079r0000-00-00w2026-01-16yARB c2844d2844